000 00726nam a2200277Ia 4500
005 20260324121045.0
008 008 260324s9999 xx 000 0 eng d
020 _a9780429101878
037 _aEBOOK
040 _aCRL
040 _beng
040 _cCRL
041 _2eng
041 _aeng
084 _qCRL
100 _aMohamed E. Fayad; Ashka Vakil; Anshu Basia; Srikanth G.K. Hegde; Huascar A. Sanchez
_91161022
245 0 _aSoftware Patterns, Knowledge Maps, and Domain Analysis
260 _bTaylor and Francis
260 _c2014
365 _a
365 _b305
856 _uhttp://www.taylorfrancis.com/books/9780429101878
942 _cEBOOK
999 _c1752885
_d1752885